A history of Islamic law / (Record no. 441)

000 -LEADER
fixed length control field 00657cam a2200229 i 4500
001 - CONTROL NUMBER
control field 4603730
003 - CONTROL NUMBER IDENTIFIER
control field OSt
005 - DATE AND TIME OF LATEST TRANSACTION
control field 20140116120828.0
008 - FIXED-LENGTH DATA ELEMENTS--GENERAL INFORMATION
fixed length control field 761105s1964 stk b 001 0 eng
010 ## - LIBRARY OF CONGRESS CONTROL NUMBER
LC control number 76375502
020 ## - INTERNATIONAL STANDARD BOOK NUMBER
International Standard Book Number 9780748605149
040 ## - CATALOGING SOURCE
Original cataloging agency DLC
Transcribing agency DLC
Modifying agency DLC
050 00 - LIBRARY OF CONGRESS CALL NUMBER
Classification number KBP50.C68 2007
100 1# - MAIN ENTRY--PERSONAL NAME
Personal name Coulson, Noel J.
245 12 - TITLE STATEMENT
Title A history of Islamic law /
Statement of responsibility, etc N. J. Coulson.
260 ## - PUBLICATION, DISTRIBUTION, ETC. (IMPRINT)
Place of publication, distribution, etc Edinburgh :
Name of publisher, distributor, etc Edinburgh University Press,
Date of publication, distribution, etc 1964.
300 ## - PHYSICAL DESCRIPTION
Extent viii, 264 p.
504 ## - BIBLIOGRAPHY, ETC. NOTE
Bibliography, etc Includes bibliographical references and index.
650 #0 - SUBJECT ADDED ENTRY--TOPICAL TERM
Topical term or geographic name as entry element Islamic law
General subdivision History.
906 ## - LOCAL DATA ELEMENT F, LDF (RLIN)
a 7
b cbc
c orignew
d 3
e ncip
f 19
g y-gencatlg
942 ## - ADDED ENTRY ELEMENTS (KOHA)
Source of classification or shelving scheme
Koha item type Book
Holdings
Withdrawn status Lost status Source of classification or shelving scheme Damaged status Not for loan Home library Current library Date acquired Source of acquisition Total Checkouts Total Renewals Full call number Barcode Date last seen Date checked out Copy number Price effective from Koha item type
          Riara University Library Riara University Library 19/10/2011 Purchase 5 3 KBP50.C68 2007 824/11 06/03/2023 17/02/2023 C.1 19/10/2011 Book
          Riara University Library Riara University Library 19/10/2011 Purchase 2 1 KBP50.C68 2007 825/11 02/11/2016 22/09/2016 C.2 19/10/2011 Book
          Riara University Library Riara University Library 19/10/2011 Purchase 1   KBP50.C68 2007 826/11 27/09/2016 27/09/2016 C.3 19/10/2011 Book

Riara University Library,
P.O. Box 49940-00100,
Nairobi, Kenya.